00359pab a2200133 454500008004000000100002800040245005600068260000900124300001300133362001000146650002200156650001300178773003400191180718b2015 xxu||||| |||| 00| 0 eng d aBanerjee, Mohar Boeglin aThe Charlie story: As seen by a bystander in France c2015 ap.16-18. a7 Feb aViolence - France aViolence aEconomic and Political Weekly